Využitie ukazovateľov reálneho dôchodku pri analýze ekonomického vývoja Slovenskej republiky
Pri komplexnom hodnotení ekonomického vývoja je potrebné ukazovateľ, t.j. hrubý domáci produkt a jeho rast v stálych cenách doplniť o rad ďalších ukazovateľov. Vysvetlenie podstaty a metodiky konštruovania ukazovateľov, ktoré zachytávajú naznačené súvislosti. Reálny hrubý domáci dôchodok. Reálny hru...
Gespeichert in:
| 1. Verfasser: | |
|---|---|
| Format: | Buchkapitel |
| Sprache: | Slowakisch |
| Schlagworte: | |
| Tags: |
Keine Tags, Fügen Sie das erste Tag hinzu!
|
MARC
| LEADER | 00000naa$a2200000$$$4500 | ||
|---|---|---|---|
| 001 | 0044382 | ||
| 005 | 20240502071523.4 | ||
| 041 | 0 | |a slo | |
| 044 | |a SK | ||
| 245 | 1 | 0 | |a Využitie ukazovateľov reálneho dôchodku pri analýze ekonomického vývoja Slovenskej republiky |c Martin Lábaj |
| 520 | |a Pri komplexnom hodnotení ekonomického vývoja je potrebné ukazovateľ, t.j. hrubý domáci produkt a jeho rast v stálych cenách doplniť o rad ďalších ukazovateľov. Vysvetlenie podstaty a metodiky konštruovania ukazovateľov, ktoré zachytávajú naznačené súvislosti. Reálny hrubý domáci dôchodok. Reálny hrubý národný dôchodok a reálny hrubý disponibilný dôchodok. | ||
| 610 | 2 | 0 | |a ukazovatele makroekonomické |
| 610 | 2 | 0 | |a dôchodok hrubý |
| 610 | 2 | 0 | |a dôchodok národný hrubý |
| 610 | 2 | 0 | |a produkt domáci hrubý |
| 610 | 2 | 0 | |a relácie výmenné |
| 610 | 2 | 0 | |a ceny stále |
| 610 | 2 | 0 | |a saldo |
| 610 | 2 | 0 | |a bilancia obchodná |
| 610 | 2 | 0 | |a analýza ekonomická |
| 610 | 2 | 0 | |a vývoj hospodársky |
| 100 | 1 | |a Lábaj, Martin, 1982- | |